Statistics for Monkey Countries Quiz

Click here to take the quiz!

General Stats

  • This quiz has been taken 830 times
    (268 since last reset)
  • The average score is 68 of 100

Answer Stats

ContinentCountry% Correct
South AmericaBrazil
89%
North AmericaUnited States (Introduced)
89%
AsiaChina
86%
North AmericaMexico
85%
South AmericaArgentina
82%
South AmericaPeru
82%
South AmericaColombia
81%
South AmericaVenezuela
81%
AfricaDemocratic Republic Of The Congo
80%
AsiaIndia
80%
AfricaSouth Africa
80%
North AmericaPanama
79%
AsiaIndonesia
78%
AsiaJapan
78%
EuropeUK (Gibraltar)
78%
North AmericaGuatemala
77%
AsiaVietnam
77%
South AmericaParaguay
76%
South AmericaUruguay
76%
South AmericaBolivia
75%
South AmericaEcuador
75%
North AmericaHonduras
75%
AsiaLaos
75%
North AmericaNicaragua
75%
AfricaNiger
75%
AsiaThailand
75%
AsiaCambodia
74%
South AmericaGuyana
74%
AfricaKenya
74%
AsiaPakistan
74%
AfricaRepublic Of The Congo
74%
North AmericaCosta Rica
73%
North AmericaEl Salvador
73%
South AmericaSuriname
73%
AsiaMalaysia
72%
AsiaNepal
72%
AfricaNigeria
72%
North AmericaBelize
71%
AsiaBhutan
70%
AfricaChad
70%
AfricaMadagascar
70%
AfricaSudan
70%
AfricaZimbabwe
70%
AfricaAngola
69%
AfricaEthiopia
69%
EuropeFrance (French Guiana)
69%
AfricaMorocco
69%
AsiaMyanmar
69%
AfricaSouth Sudan
69%
AfricaAlgeria
68%
AfricaNamibia
68%
AfricaRwanda
68%
AfricaSomalia
68%
AfricaTanzania
68%
AsiaBangladesh
67%
AfricaBotswana
67%
AfricaZambia
67%
AfricaLesotho
66%
AfricaGuinea
65%
AfricaMali
65%
AfricaMozambique
65%
AfricaTogo
65%
AfricaeSwatini
64%
AfricaLibya
64%
AfricaUganda
64%
AfricaGhana
63%
AsiaSingapore
63%
AfricaBenin
62%
AfricaBurundi
62%
AfricaEritrea
62%
AfricaSenegal
62%
AsiaAfghanistan
61%
AfricaCameroon
61%
AfricaCentral African Republic
61%
AfricaDjibouti
61%
AsiaPhilippines
61%
AsiaSri Lanka
61%
North AmericaTrinidad And Tobago
61%
AfricaEquatorial Guinea
60%
AfricaGuinea-Bissau
60%
AfricaIvory Coast
60%
AfricaMalawi
60%
AfricaGabon
59%
AfricaLiberia
59%
AfricaMauritania
59%
North AmericaBarbados (Introduced)
58%
AsiaBrunei
58%
AsiaYemen
58%
AsiaTaiwan
57%
AfricaGambia
56%
AfricaBurkina Faso
55%
AfricaSierra Leone
55%
AsiaTimor-Leste
55%
North AmericaGrenada (Introduced)
54%
AsiaSaudi Arabia
53%
AfricaComoros
51%
AfricaMauritius (Introduced)
51%
AfricaCape Verde
50%
AfricaSao Tome And Principe (Introduced)
49%
North AmericaSt Kitts And Nevis (Introduced)
49%

Score Distribution

Percentile by Number Answered

Percent of People with Each Score

Your Score History

You have not taken this quiz since the last reset